| 000 | 01042cab a2200193 4500 | ||
|---|---|---|---|
| 001 | ##L133848 | ||
| 008 | 060613n2006 000 0 eng u | ||
| 035 | _a(Sirsi) u133848 | ||
| 041 | 0 | _aeng | |
| 245 | 0 | 0 |
_aEG data _bJLL monthly prime yields |
| 260 | _c2006 | ||
| 490 | 0 |
_aEstates Gazette _v(0623) 10 June 2006, 50(1) |
|
| 520 | _aDetails the May UK prime yields for the retail, office and industrial sectors. The yields are generated by Jones Lang LaSalle (JLL) and are based on evidence derived from the latest deals by JLL and other agents. May saw the downward pressure on yields continuing. The prime all property yield stands at 4.64%, the lowest level on record. The prime retail yield remained unchanged since April at 4.42%, and the prime office yield fell to 4.6%. Industrial yields remained stable at 5.25%. Tables and graphs. | ||
| 590 | _aIKA200606 | ||
| 650 | 2 | 4 | _aJLL MONTHLY PRIME YIELDS |
| 651 | 4 |
_aUnited Kingdom _y |
|
| 690 | _aPROPERTY-COMMERCIAL PROPERTY-COMMERCIAL PROPERTY FINANCE AND INVESTMENT | ||
| 942 | _n0 | ||
| 999 |
_c77228 _d77228 |
||